00917cam a22002531 450000100060000000300080000600500170001400800410003103500200007203500190009204000350011104100080014608200220015410000370017624501640021326000490037730000290042650000450045550400190050050500810051965000110060065000260061165000260063730072BD-RjUL20211209051516.0140408r19381912nyu 001 0 eng d a(BD-RjUL) 30157 a(OCoLC)1338611 aDLCcTxU-DadDLCdBD-RjULbeng aeng00a160bCOS V-1 19381 aCoffey, P.q(Peter),d1876-1943.14aThe science of logic :ban inquiry into the principles of accurate thought and scientific method /cby P. Coffey.nVol I :pConception, Judgement and Inference aNew York :bP. Smith,c1912 [Reprinted 1938] a445 p. :bill. ;c24 cm. a"First published, 1912; reprinted 1938." aIncludes Index0 aI. Conception, judgment, and inference.--II. Method, science, and certitude. 0aLogic. 0aThought and thinking. 0aSciencexMethodology.